| 000 | 00964nam1a22002651 4500 | ||
|---|---|---|---|
| 001 | rc\3155315 | ||
| 005 | 20120615104331.2 | ||
| 021 |
_aRU _bРг15145-76 |
||
| 021 |
_aRU _b76-76857 |
||
| 035 | _a(NLR Aleph) 007298989 | ||
| 090 |
_a5690142 _c5690142 |
||
| 100 | _a20120615d1976 |||y0rusy50 ca | ||
| 101 | 0 | _arus | |
| 102 | _aRU | ||
| 105 | _a z ||||| | ||
| 200 | 1 |
_aЛабораторный практикум по курсу общей физики _fПод ред. доц. В.С. Зенчук _g[М-во прос. РСФСР]. Яросл. гос. пед. ин-т имени К.Д. Ушинского. Кафедра общей физики. Ч. 1- |
|
| 210 |
_aЯрославль _cБ. и. _d1976 |
||
| 215 | _d21 | ||
| 700 | 1 |
_aСелевко _bГ. К. _gГерман Константинович |
|
| 702 | 1 |
_aЗенчук _bВ. С. _4340 |
|
| 801 | 0 |
_aRU _bNLR _gpsbo |
|
| 801 | 1 |
_aRU _bELAR _2rusmarc |
|
| 852 |
_aNLR _j76-3/8106 |
||
| 942 | _cBOOK | ||
| 980 | _aNB | ||